New Zealand Rugby - the 26 domestic teams - Statistics

General Stats
  • This quiz has been taken 164 times
  • The average score is 20 of 26
Answer Stats
team % Correct
Auckland
98%
Wellington
94%
Otago
92%
Canterbury
91%
Southland
91%
Northland
89%
Bay of Plenty
86%
Taranaki
86%
Tasman
86%
Waikato
86%
Hawke's Bay
83%
Manawatu
82%
North Harbour
78%
Counties-Manukau
76%
West Coast
74%
South Canterbury
72%
North Otago
70%
Wanganui
68%
East Coast
66%
King Country
65%
Mid-Canterbury
65%
Buller
64%
Horowhenua-Kapiti
62%
Poverty Bay
61%
Thames Valley
58%
Wairarapa Bush
58%
No matching quizzes found
Score Distribution
Percent of People with Each Score
Percentile by Number Answered
Your Score History
You have not taken this quiz